| 000 | 00582 a2200193 4500 | ||
|---|---|---|---|
| 001 | 133000 | ||
| 003 | OSt | ||
| 005 | 20220404103448.0 | ||
| 008 | |||
| 020 | _a9780387220734 | ||
| 082 |
_a515.357 _bK12S |
||
| 100 | 1 | _aKaipio, Jari | |
| 245 | 1 |
_aStatistical and computational inverse problems _cby Jari Kaipio and Erkki Somersalo |
|
| 260 |
_aNew York _bSpringer _c2005 |
||
| 300 | _a339p. | ||
| 690 | _aInverse problems (Differential equations); Mathematical physics; Biomedical engineering | ||
| 700 | _aSomersalo, Erkki | ||
| 942 |
_2ddc _cBK |
||
| 999 |
_c7332 _d7332 |
||